00763nam a22001815i 4500001000700000003000900007005001700016008004100033080001200074100003700086245015100123260014900274300002100423500002700444650003800471710003000509852004200539178729ES-MaACL20230906220607.0110613s1974 sp |||| | spa d a616.3661 aLópez Gallart, José María.10aColecistitis crónica alitiásica / cresumen de la tesis presentada para aspirar al grado de doctor en medicina por José Mª López Gallart. aBarcelona : bUniversidad de Barcelona, Secretariado de Publicaciones, Intercambio Científico y Extensión Universitaria : b[Ivern], c1974. a19 p. ; c24 cm. aCub. tomada como port. 4aVesícula biliar-xEnfermedades.2 aUniversidad de Barcelona. aES-MaACLjE-15361 (132) xOlim P-1374